000 00465nam a22001697a 4500
003 MPLRDC
005 20220104165848.0
008 210129b ||||| |||| 00| 0 eng d
020 _aISSN 0034-0383
082 _a050.1 RD v.1 2006
100 _a
245 _aREADER'S DIGEST. JAN 2006
_c
260 _a
_bREADER'S DIGEST ASSOCIATION FAR EAST LTD
_c2005
300 _b144
650 _a连续性出版品; 期刊--READER'S DIGEST
942 _cBK
_o050.1 RD v.1 2006
999 _c57639
_d57629